Which is the Biggest - Statistics

General Stats
  • This quiz has been taken 21 times
  • The average score is 5 of 10
Answer Stats
Question Answer % Correct
Which is the biggest France
79%
Which is the biggest Iraq
68%
Which is the biggest Algeria
63%
Which is the biggest Colorado
53%
Which is the biggest Kenya
53%
Which is the biggest South Dakota
53%
Which is the biggest Western Sahara
42%
Which is the biggest Turkey
32%
Which is the biggest Nevada
26%
Which is the biggest Haiti
5%
No matching quizzes found
Score Distribution
Percent of People with Each Score
Percentile by Number Answered
Your Score History
You have not taken this quiz